Several laws and orders made at the General Court, holden at Boston the 15th of May 1672, and printed by their order /

Bibliographic Details
Corporate Author: Massachusetts
Format: eBook
Language:English
Published: [Cambridge [Mass.] : Printed by Samuel Green, 1672]
Series:Early English books online.
Subjects:
Online Access:Connect to the full text of this electronic book

MARC

Tag First Indicator Second Indicator Subfields
LEADER 00000nam a2200000Ia 4500
001 in00004291521
005 20200810080900.0
006 m g d
007 cr bn |||a|bb|
008 851108s1672 mau ol 00| | eng d
035 |a (OCoLC)12774136 
040 |a EAA  |c EAA  |d m/c  |d WaOLN 
037 |a CL0037000020  |b ProQuest Information and Learning. 300 N. Zeeb Rd., Ann Arbor, MI 48106 
043 |a n-us-ma 
049 |a UMIA 
110 1 |a Massachusetts. 
240 1 0 |a Laws, etc. 
245 1 0 |a Several laws and orders made at the General Court, holden at Boston the 15th of May 1672, and printed by their order /  |c Edward Rawson Secr. 
260 |a [Cambridge [Mass.] :  |b Printed by Samuel Green,  |c 1672] 
300 |a 1 online resource (6 pages) 
336 |a text  |b txt  |2 rdacontent 
337 |a computer  |b c  |2 rdamedia 
338 |a online resource  |b cr  |2 rdacarrier 
500 |a Caption title. 
500 |a Same as the last 6 pages of 698:14. 
500 |a Reproduction of original in Huntington Library. 
510 4 |a Wing  |c M1022 
510 4 |a Evans  |c 169 
533 |a Electronic reproduction.  |b Ann Arbor, Mich. :  |c UMI,  |d 1999-  |f (Early English books online)  |n Digital version of: (Early English books, 1641-1700 ; 698:15)  |7 s1999 miun s 
650 0 |a Law  |z Massachusetts  |v Early works to 1800. 
830 0 |a Early English books online. 
856 4 0 |u http://proxy.library.tamu.edu/login?url=https://search.proquest.com/docview/2240954566  |z Connect to the full text of this electronic book  |t 0 
999 f f |s af36a762-e9ad-3acd-a2cc-66163c0047b8  |i dcea7cc6-f84a-3f81-9bfd-8de0b35aef53  |t 0 
952 f f |a Texas A&M University  |b College Station  |c Electronic Resources  |d Available Online  |t 0  |h No information provided 
998 f f |t 0  |l Available Online